000 00836nam a22002417a 4500
001 83640
003 BD-RjUL
005 20240502191559.0
008 240502s1922 bg a|||| m||| 00| 0 eng d
035 _a(BD-RjUL)83640
040 _aBD-RjUL
_beng
_cBD-RjUL
_dBD-RjUL
041 _aeng
082 _223
_a580
_bHOI 1992
100 _aHossain, M. Monzur
245 1 0 _aIn Vitro culture of aegle marmelos corr. /
_cBy M. Monzur Hossain ;
_6Supervisor : O. I. Joarder
260 _aRajshahi :
_bDepartment of Botany, University of Rajshahi,
_c1992
300 _axvii, 284 leaves :
_bill, ;
_c30.cm.
502 _aThesis (Ph. D.) -- Department of Botany, University of Rajshahi, 1992
504 _aReferences : Leaves 252 - 284
650 _aPlants
_vVitro Culture
_912823
700 _aJoarder, O. I. Supervisor
_95586
942 _2ddc
_cTHE
999 _c83640
_d83640